Quince breves : (Registro nro. 76695)
[ vista simple ]
| 000 -CABECERA | |
|---|---|
| fixed length control field | 00469nam a22001937a 4500 |
| 003 - IDENTIFICADOR DEL NUMERO DE CONTROL | |
| control field | bpm |
| 005 - FECHA Y HORA DE LA ULTIMA TRANSACCION | |
| control field | 20260427103045.0 |
| 008 - ELEMENTOS DE LONGITUD FIJA -- INFORMACION GENERAL | |
| fixed length control field | 260427b |||||||| |||| 00| p spa d |
| 024 ## - OTRO IDENTIFICADOR NORMALIZADO | |
| Número o código normalizado | S. C. C. / M. C. y E. M.: |
| 040 ## - FUENTE DE CATALOGACION | |
| Código de la agencia catalogadora original | AR-CtUCP |
| 041 ## - LANGUAGE CODE | |
| Código de Idioma para texto o pista de sonido o título separado | spa |
| 080 ## - CLASIFICACIÓN DECIMAL UNIVERSAL | |
| Clasificación Decimal Universal | CDU |
| 100 ## - ASIENTO PRINCIPAL--NOMBRE PERSONAL | |
| Nombre del autor personal | Mauriño Alejandro |
| 245 ## - MENCION DE TITULO | |
| Titulo | Quince breves : |
| Subtitulo | poemas del corazón |
| 260 ## - PUBLICACION, DISTRIBUCION, ETC. (PIE DE IMPRENTA) | |
| Lugar | Corrientes |
| Editor | UNNE |
| Fecha | 2001 |
| 650 ## - SASIENTO SECUNDARIO DE MATERIA - TERMINO TEMATICO | |
| Término controlado | Literatura - Poesía |
| 942 ## - TIPO DE MATERIAL | |
| Tipo de Item | LIBRO |
| Estado Perdido | Estado de Daño | Ubicacion Permanente | Ubicacion Actual | Sala | Fecha de Adquisicion | Signatura Topografica Completa | Numero de Inventario | Date last seen | Tipo de Ejemplar |
|---|---|---|---|---|---|---|---|---|---|
| Biblioteca Regional de Poesía | Biblioteca Regional de Poesía | Biblioteca | 27/04/2026 | 82 MAU b | P 236 | 27/04/2026 | LIBRO | ||
| Biblioteca Regional de Poesía | Biblioteca Regional de Poesía | Biblioteca | 27/04/2026 | 82 MAU b Ej. 2 | P 237 | 27/04/2026 | LIBRO | ||
| Biblioteca Regional de Poesía | Biblioteca Regional de Poesía | Biblioteca | 27/04/2026 | 82 MAU b Ej. 3 | P 238 | 27/04/2026 | LIBRO | ||
| Biblioteca Regional de Poesía | Biblioteca Regional de Poesía | Biblioteca | 27/04/2026 | 82 MAU b Ej. 4 | P 239 | 27/04/2026 | LIBRO | ||
| Biblioteca Regional de Poesía | Biblioteca Regional de Poesía | Biblioteca | 27/04/2026 | 82 MAU b Ej. 5 | P 240 | 27/04/2026 | LIBRO | ||
| Biblioteca Regional de Poesía | Biblioteca Regional de Poesía | Biblioteca | 27/04/2026 | 82 MAU b Ej. 6 | P 241 | 27/04/2026 | LIBRO | ||
| Biblioteca Regional de Poesía | Biblioteca Regional de Poesía | Biblioteca | 27/04/2026 | 82 MAU b Ej. 7 | P 242 | 27/04/2026 | LIBRO |
